Historia del Canal de Panamá: una crítica a la historiografía de Rusia /

সংরক্ষণ করুন:
গ্রন্থ-পঞ্জীর বিবরন
প্রধান লেখক: Iturralde Shailer, Omar Enrique
বিন্যাস: পাঠ‍্য
বিষয়গুলি:
ট্যাগগুলো: ট্যাগ যুক্ত করুন
কোনো ট্যাগ নেই, প্রথমজন হিসাবে ট্যাগ করুন!

MARC

LEADER 00000 a a2200000 04500
001 9414
003
040
100 |a Iturralde Shailer, Omar Enrique  
245 |a Historia del Canal de Panamá: una crítica a la historiografía de Rusia /  |c Omar Enrique Iturralde Shailer  
650 |a ECONOMIA  
650 |a POLITICA  
650 |a SOCIEDAD  
650 |a TRANSPORTE  
650 |a TECNOLOGIA  
650 |a PANAMA  
773 |g número 466 -467; páginas 145-158  
999 |c 20359  |d 20359